Els Concursos de bestiar : per què es van crear, per què s'han suprimit / Mancomunitat de Catalunya per què es van crear, per què s'han suprimit / Mancomunitat de Catalunya
Descripción Física:
117 p. : il. ; 21 cm
Materias:
Bestiar -- Concursos
MARC
| LEADER | 00000nam a2200000Ia 4500 | ||
|---|---|---|---|
| 001 | 702 | ||
| 008 | 160829s1922 xx 000 0 cat d | ||
| 080 | |a C-1-351 | ||
| 110 | 2 | |a Catalunya. |b Mancomunitat |9 53015 | |
| 245 | |a Els Concursos de bestiar : |b per què es van crear, per què s'han suprimit / Mancomunitat de Catalunya | ||
| 260 | |a Barcelona : |b Ed. Catalana, |c 1922 | ||
| 300 | |a 117 p. : |b il. ; |c 21 cm | ||
| 590 | |a Hi ha un duplicat amb R. 794 a: DUP-244 | ||
| 650 | |a Bestiar |x Concursos |9 26899 | ||
| 856 | 4 | |u https://media.diba.cat/diba/fitxers/arxiu/mancomunitat/bib_702_baixa.pdf |y Accés lliure | |
| 901 | |a Arxiu | ||
| 942 | |n 1 |2 udc | ||
| 952 | |0 0 |1 0 |4 0 |6 C1351 |7 1 |9 44199 |a Arxiu |b Arxiu |d 2016-12-01 |l 0 |o C-1-351 |p 702 |r 2016-12-01 00:00:00 |w 2016-12-01 |y ARXIU | ||
| 999 | |c 46779 |d 46779 | ||
| 900 | |a bib_702_baixa.pdf | ||